Арбитражный процесс: учебник для студентов юридических вузов и факультетов

Bibliographic Details
Other Authors: Треушников М. К. (редактор)
Summary:Заглавие с титульного экрана
Электронная версия печатной публикации
Режим доступа: из корпоративной сети ТПУ
Language:Russian
Published: Москва, Издательский Дом "Городец", 2007
Subjects:
Online Access:http://www.lib.tpu.ru/fulltext2/m/2009/consultant/treushnikov_3.pdf
Format: Electronic Book
KOHA link:https://koha.lib.tpu.ru/cgi-bin/koha/opac-detail.pl?biblionumber=159165

MARC

LEADER 00000nlm0a2200000 4500
001 159165
005 20231101222105.0
035 |a (RuTPU)RU\TPU\book\172622 
090 |a 159165 
100 |a 20090506d2007 m y0rusy50 ca 
101 0 |a rus 
102 |a RU 
105 |a y j 001zy 
135 |a vrcn ---uucaa 
181 0 |a i  
182 0 |a b 
200 1 |a Арбитражный процесс  |b Электронный ресурс  |e учебник для студентов юридических вузов и факультетов   |f под ред. М. К. Треушников 
203 |a Текст  |c электронный 
210 |a Москва  |c Издательский Дом "Городец"  |d 2007 
230 |a 1 компьютерный файл (pdf; 4381 KB) 
300 |a Заглавие с титульного экрана 
300 |a Электронная версия печатной публикации 
333 |a Режим доступа: из корпоративной сети ТПУ 
337 |a Adobe Reader 
606 1 |a Арбитраж  |2 stltpush  |3 (RuTPU)RU\TPU\subj\29322  |9 52682 
610 1 |a арбитражный процесс 
610 1 |a суд 
610 1 |a судопроизводство 
610 1 |a арбитражный процесс 
610 1 |a правоотношения 
610 1 |a право 
610 1 |a подсудность 
610 1 |a иски 
610 1 |a доказательства 
610 1 |a сроки 
610 1 |a учебники 
610 1 |a электронный ресурс 
686 |a Х629.221я73  |v LBC/SL-A  |2 rubbk 
702 1 |a Треушников  |b М. К.  |4 340 
801 1 |a RU  |b 63413507  |c 20090506  |g PSBO 
801 2 |a RU  |b 63413507  |c 20090525  |g PSBO 
856 4 |u http://www.lib.tpu.ru/fulltext2/m/2009/consultant/treushnikov_3.pdf 
942 |c CF